000 00332nam a2200133Ia 4500
005 20251222153524.0
008 251222s9999||||xx |||||||||||||| ||spa||
082 _a700/T81
100 _aTriana, Fernando el de
245 0 _aArte y Artistas de Flamencos
250 _a1ra.ed.
264 _bEdiciones Demófilo. S,A.
942 _cLIB
999 _c29850
_d29850